Wastewater treatment engineering / (Record no. 51416)

MARC details
000 -LEADER
fixed length control field 00538nam a2200205Ia 4500
005 - DATE AND TIME OF LATEST TRANSACTION
control field 20260429111921.0
008 - FIXED-LENGTH DATA ELEMENTS--GENERAL INFORMATION
fixed length control field 260429s9999||||xx |||||||||||||| ||und||
020 ## - INTERNATIONAL STANDARD BOOK NUMBER
International Standard Book Number 9789390013432
041 ## - LANGUAGE CODE
Language English
082 ## - DEWEY DECIMAL CLASSIFICATION NUMBER
Classification number 628.3
Item number BAS
100 ## - MAIN ENTRY--PERSONAL NAME
Personal name Basak, J. L.
245 #0 - TITLE STATEMENT
Title Wastewater treatment engineering /
Statement of responsibility, etc J. L. Basak
250 ## - EDITION STATEMENT
Edition statement 1st ed.
260 ## - PUBLICATION, DISTRIBUTION, ETC. (IMPRINT)
Place of publication, distribution, etc Pune :
Name of publisher, distributor, etc Knowledge Bakers,
Date of publication, distribution, etc 2024.
300 ## - PHYSICAL DESCRIPTION
Extent vii, 205 p.; hb
650 ## - SUBJECT ADDED ENTRY--TOPICAL TERM
Topical term or geographic name as entry element Wastewater management
700 ## - ADDED ENTRY--PERSONAL NAME
Personal name Mahto, Girish
700 ## - ADDED ENTRY--PERSONAL NAME
Personal name Ram, Lopamudra
942 ## - ADDED ENTRY ELEMENTS (KOHA)
Koha item type Text Books
Holdings
Withdrawn status Lost status Damaged status Not for loan Collection code Home library Location Shelving location Date of Cataloging Source of acquisition Total Checkouts Full call number Barcode Date last seen Price effective from Koha item type
        Non-fiction CUTN Central Library CUTN Central Library Medicine, Technology & Management 29/04/2026 Shanti Books, Chennai - Invoice No. 3100 on 09-02-2026   628.3 BAS 56403 29/04/2026 29/04/2026 Text Books